Una Docena de visiones de la historia : (Record no. 80757)

MARC details
000 -LEADER
fixed length control field 00981cam a2200241 4500
008 - FIXED-LENGTH DATA ELEMENTS--GENERAL INFORMATION
fixed length control field 081213n2004 mx a c 000 0 spa u
020 ## - INTERNATIONAL STANDARD BOOK NUMBER
International Standard Book Number 9706841059
100 1# - MAIN ENTRY--PERSONAL NAME
Personal name Zárate Toscano, Verónica
245 14 - TITLE STATEMENT
Title Una Docena de visiones de la historia :
Remainder of title entrevistas con historiadores americanistas /
Statement of responsibility, etc Verónica Zarate Toscano ; transcripción Ignacio Hernández García.
250 ## - EDITION STATEMENT
Edition statement 1a ed.
260 ## - PUBLICATION, DISTRIBUTION, ETC. (IMPRINT)
Place of publication, distribution, etc México :
Name of publisher, distributor, etc Instituto de Investigaciones Dr. José María Luis Mora,
Date of publication, distribution, etc c2004
300 ## - PHYSICAL DESCRIPTION
Extent 174 p. :
Other physical details il. ;
Dimensions 23 cm.
440 #0 - SERIES STATEMENT/ADDED ENTRY--TITLE
Title Historia social y cultural
504 ## - BIBLIOGRAPHY, ETC. NOTE
Bibliography, etc Incluye bibliografía e índice
590 ## - LOCAL NOTE (RLIN)
Local note Proyecto PIFI 2005
650 #4 - SUBJECT ADDED ENTRY--TOPICAL TERM
Topical term or geographic name as entry element Historiadores
General subdivision Entrevistas
Source of heading or term lemb
651 #4 - SUBJECT ADDED ENTRY--GEOGRAPHIC NAME
Geographic name América Latina
General subdivision Historia
Chronological subdivision Siglo XIX
General subdivision Relatos personales
Source of heading or term lemb
651 #4 - SUBJECT ADDED ENTRY--GEOGRAPHIC NAME
Geographic name México
General subdivision Historia
Chronological subdivision Siglo XIX
General subdivision Relatos personales
Source of heading or term lemb
700 1# - ADDED ENTRY--PERSONAL NAME
Personal name Hernández García, Ignacio, transc.
942 ## - ADDED ENTRY ELEMENTS (KOHA)
Source of classification or shelving scheme Biblioteca del Cogreso de los Estados Unidos
Koha item type Libro
Holdings
Estado de pérdida Fuente de clasificación Estado del daño No para préstamo Ubicación permanente Ubicación actual Apartado o colección Fecha de adquisición Edición Dependencia de educación superior (DES) Área del conocimiento Clasificación Código de Barras Date last seen Número de copia Tipo de recurso
  Biblioteca del Cogreso de los Estados Unidos     Biblioteca del Instituto de Investigaciones Históricas Biblioteca del Instituto de Investigaciones Históricas General 22/06/2018 1a ed. Humanidades Ciencias Sociales y Administrativas F1409 .8 .A2 Z39 2004 IIH000022677 22/06/2018 C:1 Libro